|
|
|
|
| LEADER |
00000nab a2200000 a 4500 |
| 001 |
vtls000607577 |
| 003 |
SK-MaSNL |
| 005 |
20260304095954.0 |
| 008 |
250425c1996 xo 0 slo |
| 015 |
|
|
|a SNBRB19rr/mm-uuuuu
|
| 035 |
|
|
|a CL0607716
|
| 035 |
|
|
|a urn:nbn:sk:snk-ab212s
|
| 035 |
|
|
|a (urnnbn)urn:nbn:sk:snk:ar-a01e3h
|
| 035 |
|
|
|a (uuid)167925d0-293e-4132-a256-369f665ccdb5
|
| 040 |
|
|
|a SNKBUCL
|b slo
|c SNKBUCL
|e AACR2
|
| 041 |
0 |
|
|a slo
|
| 044 |
|
|
|a xo
|c SK
|
| 080 |
|
|
|a 78.072.2-051
|2 1981
|
| 080 |
|
|
|a 929 Albrecht, Ján
|2 1981
|
| 100 |
1 |
|
|a Martináková, Zuzana,
|d 1958-
|4 aut
|
| 245 |
1 |
0 |
|a Ján Albrecht odišiel bez rozlúčky
|c Zuzana Martináková
|
| 300 |
|
|
|b Fotogr. 2
|
| 600 |
1 |
7 |
|a Albrecht, Ján,
|d 1919-1996
|2 snkbucl
|9 36871
|
| 655 |
|
7 |
|a články z novín a časopisov
|2 snkbucl
|9 267496
|
| 773 |
0 |
|
|t Hudobný život '96
|g Roč. 28, č. 22 (1996), s. 3
|
| 850 |
|
|
|a Slovenská národná knižnica
|
| 852 |
|
|
|a Slovenská národná knižnica
|
| 954 |
|
|
|a odborná, vedecká literatúra pôvodná (slovenská)
|2 lita
|
| 958 |
|
|
|a article27
|
| 958 |
|
|
|a OND
|
| 958 |
|
|
|a SK
|
| 958 |
|
|
|a BX
|
| 958 |
|
|
|a RK
|
| 958 |
|
|
|a EUIPO
|
| 992 |
|
|
|a RBX
|
| 999 |
|
|
|c 2835181
|d 2837111
|